Statistics for My Singing Monsters - A

Click here to take the quiz!

General Stats

  • This quiz has been taken 10 times
  • The average score is 6 of 48

Answer Stats

CategoryAnswer% Correct
ElementAir
100%
IslandAir Island
86%
DoF ItemAmber
57%
CurrencyAmber
57%
IslandAmber Island
43%
Special MechanicAdmin Panel
14%
Tweedle CostumeAll-Seeing Belly
14%
Collosingum QuestAll's Fair in Love and Song
14%
Fwog CostumeAll Squashed Up
14%
DoF ItemAmber Lollipop
14%
Seasonal EventAnniversary Month
14%
ContestAnniversary Month Trivia Challenge
14%
Seasonal EventAnniversary Year
14%
Maw CostumeAntique Antennae
14%
DoF ItemApple
14%
DecorationApple Barrel
14%
DoF ItemApplesauce
14%
DoF ItemApple Tart
14%
Ethereal MonsterArackulele
14%
Monster FamilyArmor-Clade
14%
Wublin MonsterAstropod
14%
Celestial MonsterAttmoz
14%
PathAurora Path
14%
CrystalAurorium Crystal
14%
Mammott CostumeAutomammotton
14%
Re CostumeAbnormal Skull Topper
0%
MechanicAccount
0%
MechanicAchievements
0%
DoF ItemAcorn
0%
DoF ItemAcorn Butter
0%
Stoowarb CostumeAdorpheus
0%
Collosingum QuestAerial Maneuvers
0%
Collosingum QuestAll Float On
0%
DecorationAmbered Thing
0%
Collosingum QuestA Mighty Wind
0%
PathAmmonice Path
0%
PathAngroan Path
0%
PathAnniversary Month Path
0%
DoF StructureApothecary
0%
Floogull CostumeAppetizing Apron
0%
DoF ItemApple Juice
0%
CrystalAquanine Crystal
0%
DecorationAstral Abode
0%
Thumpies CostumeAug-Mandibles
0%
Collosingum QuestAvian Artists
0%
DecorationAvian Plinth
0%
Monster-HandlerMonster-Handler Amandi
0%
Ex-Monster-HandlerMonster-Handler Anthony
0%

Score Distribution

Percentile by Number Answered

Percent of People with Each Score

Your Score History

You have not taken this quiz